| 000 | 00755nam a22001937a 4500 | ||
|---|---|---|---|
| 999 |
_c370822 _d370822 |
||
| 008 | 201130b ||||| |||| 00| 0 eng d | ||
| 040 |
_bger _cDE-2950 _erda _aDE-2950 |
||
| 041 | _ager | ||
| 100 | _aTilmann, Christina: | ||
| 245 |
_aZeit für eine Bewegung. _bLiteratur in Brandenburg: Alle Zeichen stehen auf Neustart: warum das Land alle Chancen hat, zu einer literarischen Leuchtturmregion zu werden / _cChristina Tilmann |
||
| 264 | _c2021 | ||
| 653 | _aBrandenburg <Land> | ||
| 653 | _aLiteraturorte | ||
| 773 |
_dFrankfurt (Oder): Märkisches Verlags- und Druckhaus GmbH & Co KG _g32. Jahrgang (2021) Nr. 220 vom 21.09.2021, S. 20 _tMärkische Oderzeitung |
||
| 942 | _cA | ||